000 00677nam a2200205 a 4500
005 20210219153100.0
008 991125n 000 0 spa u
035 _aUPN01000077009
100 _aWESSELER, Mathias
222 _aEDUCACION : COLECCION SEMESTRAL DE APORTACIONES ALEMANAS RECIENTES EN LAS CIENCIAS PEDAGOGICAS
245 _a¿Es importante la participación? : un enfoque para la evaluación de programas de perfeccionamiento de posgraduados
260 _aALEMANIA
300 _a58-69
362 _a1985 Vol. 32
653 0 _aEDUCACION SUPERIOR
653 0 _aEVALUACION EDUCATIVA
653 0 _aPARTICIPACION
904 _aAC
_b014820
905 _aArticulo
999 _c68010
_d68010